| 000 | 00782nam a22002297a 4500 | ||
|---|---|---|---|
| 003 | LK-CoMWRAF | ||
| 005 | 20231122134850.0 | ||
| 008 | 230915b2012 |||||||| |||| 00| 0 eng d | ||
| 020 | _a9789550762071 | ||
| 040 |
_aLK-CoMWRAF _dLK-CoMWRAF _eLK-CoMWRAF |
||
| 041 | _aeng | ||
| 082 |
_a337 _bPOL |
||
| 245 |
_aThe political economy of environment and development in a globalised world: _bexploring the frontiers: Essays in honour of Nadarajah Shanmugaratnam |
||
| 260 |
_aColombo: _bSocial Scientists' Association, _c2012 |
||
| 300 | _a395 p. : ill., maps ; 24 cm. | ||
| 650 | _aWNVIRONMENTAL ECONOMICS | ||
| 650 | _aInternational Political economy | ||
| 650 | _aGlobalization | ||
| 700 |
_a Kjosavik, Darley Jose _eed. |
||
| 700 |
_aVedeld, Paul _eed. |
||
| 942 | _cBK | ||
| 999 |
_c3570 _d3570 |
||